00411 2200157 4500001002100000005001700021035002500038090002100063100001700084245004400101260004200145300002100187650001600208850001200224990001700236YOGYA00000000002473720150302135131.0 a0010-081400000024455 aT 641.5951 Win S aWinata, Mary aSajian lengkap penuh gizicWinata, Mary aJakartabGramedia Pustaka Utamac1997 a130 hlm.c21 cm. aGizi - Menu aYOPDYOG a5507-DN/P.00